Социальные проблемы японской молодежи; Актуальные проблемы гуманитарных наук

Dades bibliogràfiques
Parent link:Актуальные проблемы гуманитарных наук.— 2013.— [С. 307-309]
Autor principal: Багалей М. В.
Sumari:Заглавие с экрана
Idioma:rus
Publicat: 2013
Col·lecció:Регионоведение
Matèries:
Accés en línia:http://www.lib.tpu.ru/fulltext/c/2013/C20/153.pdf
Format: Electrònic Capítol de llibre
KOHA link:https://koha.lib.tpu.ru/cgi-bin/koha/opac-detail.pl?biblionumber=240733

MARC

LEADER 00000naa2a2200000 4500
001 240733
005 20251209110938.0
035 |a (RuTPU)RU\TPU\book\261992 
035 |a RU\TPU\book\261991 
090 |a 240733 
100 |a 20130625d2013 k y0rusy50 ca 
101 0 |a rus 
102 |a RU 
135 |a drcn ---uucaa 
181 0 |a i  
182 0 |a b 
200 1 |a Социальные проблемы японской молодежи  |f М. В. Багалей 
203 |a Текст  |c электронный 
215 |a 1 файл(318 Кб) 
225 1 |a Регионоведение 
300 |a Заглавие с экрана 
320 |a [Библиогр.: с. 309 (7 назв.)] 
337 |a Adobe Reader 
463 1 |0 (RuTPU)RU\TPU\book\259431  |t Актуальные проблемы гуманитарных наук  |o сборник научных трудов ХII Международной научно-практической конференции студентов, аспирантов и молодых ученых 3-6 апреля 2013 г., г. Томск  |f Национальный исследовательский Томский политехнический университет (ТПУ)  |v [С. 307-309]  |d 2013 
610 1 |a электронный ресурс 
610 1 |a труды учёных ТПУ 
610 1 |a социальные проблемы 
610 1 |a молодежь 
610 1 |a Япония 
700 1 |a Багалей  |b М. В. 
801 1 |a RU  |b 63413507  |c 20101016 
801 2 |a RU  |b 63413507  |c 20130625  |g RCR 
856 4 |u http://www.lib.tpu.ru/fulltext/c/2013/C20/153.pdf 
942 |c CF